| 000 | 00672nam 2200181 4500 | ||
|---|---|---|---|
| 001 | 6085 | ||
| 090 | _a6085 | ||
| 100 | _a20190729k u||y0frey50 ba | ||
| 101 | _aeng | ||
| 200 |
_aThe World Uranium Hearing, September 13-18. 1992 at the historic Residency and at the old University of Salzburg, Austria _bBrochure _fThe World Uranium Hearing |
||
| 210 |
_aMünchen _cThe World Uranium Hearing _d1992 |
||
| 215 |
_a1 chemise (6 f.) _cill. _d31 cm |
||
| 606 |
_95576 _aNucléaire (Armement) |
||
| 606 |
_9648 _aNucléaire (Energie) |
||
| 606 |
_9557 _aÉcologie |
||
| 608 |
_92451 _aCongrès |
||
| 710 |
_94701 _aWorld Uranium Hearing _eSalzburg _f13-19 September 1992 |
||
| 801 |
_aCH _bCH-002049-8 |
||